| 000 | 01514nam0a2200373 4500 | ||
|---|---|---|---|
| 001 | RU\NLR\bibl\337936 | ||
| 005 | 20250621150550.0 | ||
| 010 |
_a5-89694-027-0 _9150 |
||
| 021 |
_aRU _b2002-40600 _91977 |
||
| 035 | _a(NLR Aleph) 000332840 | ||
| 090 |
_a167798 _c167798 |
||
| 100 | _a20021104d2002 |||y0rusy50 ca | ||
| 101 | 0 | _arus | |
| 102 | _aRU | ||
| 105 | _aa ||||||||| | ||
| 200 | 1 |
_aТрубопроводные транспортные системы из композиционных материалов _eКонструктив. и технолог. принципы создания _fЭ. З. Ягубов |
|
| 210 |
_aНаходка _cИн-т технологии и бизнеса _d2002 |
||
| 215 |
_a84 с. _cил. _d21 |
||
| 300 | _aНа 3-й с. обл. авт.: Ягубов Э.З. - к.т.н., чл.-корр. МАНЭБ | ||
| 320 | _aБиблиогр.: с. 80-84 (83 назв.) | ||
| 606 | 0 |
_aТрубопроводы из композиционных материалов _92268260 _3RU\NLR\auth\661359639 |
|
| 610 | 0 | _aТрубы из композиционных материалов - Конструкция и расчет | |
| 675 |
_a621.646 _v3 _zrus |
||
| 686 |
_a73.39 _2rugasnti |
||
| 686 |
_a39.7 _2rubbk |
||
| 686 | _aО739 | ||
| 700 | 1 |
_aЯгубов _bЭ. З. _gЭмин Зафар-оглы _4070 |
|
| 801 | 0 |
_aRU _bRKP _c20021104 _gPSBO |
|
| 801 | 1 |
_aRU _bRKP _c20021104 |
|
| 801 | 2 |
_aRU _bNLR _c20021225 _grcr |
|
| 942 | _cBOOK | ||
| 980 | _aNB | ||
| 980 | _aNBR | ||